Los escritos técnicos de Freud, 1953-1954

Enregistré dans:
Détails bibliographiques
Auteur principal: Lacan, Jacques-Marie Émile (Auteur)
Format: Livre
Langue:espagnol
Publié: Buenos Aires Paidós 1981
Édition:1a. ed
Collection:El Seminario de Jacques Lacan, 1
Sujets:
Tags: Ajouter un tag
Pas de tags, Soyez le premier à ajouter un tag!

MARC

LEADER 00000cam a2200000 a 4500
001 UCK3562
003 CL-VaPUC
008 050429e19810000AG |||||||||||||||||spa|d
020 |a 9501239713 
082 0 4 |a 150.195  |b LAC  |2 21 
100 |a Lacan, Jacques-Marie Émile  |e author  |9 575715 
245 1 4 |a Los escritos técnicos de Freud, 1953-1954 
250 |a 1a. ed 
300 |a 417 p 
942 |c BK 
945 |d 20050429 00:00:00  |a cmena 
260 |a Buenos Aires  |b Paidós  |c 1981 
650 0 |a Psicoanálisis   |9 265702 
583 |a last modification  |c 20120928 10:06:57  |k Rodrigo Vera 
490 0 |a El Seminario de Jacques Lacan, 1 
999 |c 312692  |d 312690 
952 |0 0  |1 0  |4 0  |6 150_195000000000000_LAC_1981  |7 0  |8 R  |9 383361  |a BIBEDU  |b BIBEDU  |c MCIRC  |d 2019-11-21  |i 4117662  |o 150.195 LAC 1981  |p 4117662  |r 2023-01-13  |w 2019-11-21  |y BK_R  |k PSI 
952 |0 0  |1 0  |4 0  |6 150_195000000000000_LAC_1981  |7 0  |8 R  |9 383362  |a BIBEDU  |b BIBEDU  |c MCIRC  |d 2019-11-21  |i 4900790  |o 150.195 LAC 1981  |p 4900790  |r 2023-01-13  |w 2019-11-21  |y BK_R  |k PSI 
952 |0 0  |1 0  |4 0  |6 150_195000000000000_LAC_1981  |7 0  |8 R  |9 383363  |a BIBEDU  |b BIBEDU  |c MCIRC  |d 2019-11-21  |i 4900804  |l 2  |o 150.195 LAC 1981  |p 4900804  |r 2023-01-13  |s 2022-05-20  |w 2019-11-21  |y BK_R  |k PSI